000 00927cam a22002771 4500
001 46568
003 BD-RjUL
005 20211209054155.0
008 160803s1946 nyu 000 0 eng
035 _a(BD-RjUL)46687
035 _a(OCoLC)1819716
040 _aDLC
_cFJ
_dDLC
_beng
041 _aeng
082 _a347.7
_bBAO 1949
100 1 _aBabb, Hugh Webster,
_d1887-
_9142052
245 0 3 _aAn outline of business law /
_cby Hugh W. Babb...and Charles Martin.
250 _aRev. ed.
260 _aNew York :
_bBarnes & Noble, inc.
_c[1946 [reprint 1949]
300 _a381 p. :
_bill. ;
_c21 cm.
500 _a"Tabulated bibliography of standard textbooks on business law" 4th & 5th prelim. leaves.
650 0 _aCommercial law
_zUnited States
_9139107
700 1 _aMartin, Charles,
_d1808-
_ejoint author.
_9142054
942 _2ddc
_cBK
999 _c46568
_d46568